LEADER 01160nam a2200265 i 4500 001 000000157058 003 CaOOAMICUS 005 20230320163528.0 008 080110s1976 it u000 u ita u 013 $a134413 040 $aSeMil$bita 100 1 $aMerati, Augusto.$0(OLS)http://semarc/name/22942 245 10$aMonumenti neoclassici a Monza e nella Brianza /$cAugusto Merati ; a cura del Lions Club di Monza. 250 $a2. Ed. ampliata. 260 $a[S.l. :$bs.n.],$cstampa 1976$e(Monza :$fTipografia Sociale,$gstampa 1976) 300 $aXV, 251 p. :$briccamente ill. ;$c31 cm. 650 4$aMonza - Monumenti neoclassici.$0(OLS)http://semarc/subject/30742 650 4$aBrianza - Monumenti neoclassici.$0(OLS)http://semarc/subject/30743 700 1 $aLions Club .$0(OLS)http://semarc/name/61347 850 $aSeMil 852 $aSeMil$W1$xVenegono$y1$m5T X 37$j108786$B108786$CSeMilBibl$Z2$F130350 $8I 961 $aOmaggio: Braschi don Francesco 996 $6245$aMonumenti neoclassici a Monza e nella Brianza$9(OLS)http://semarc/title/230314 996 $6260$a[S.l. :$bs.n.]$9(OLS)http://semarc/publisher/29751 LEADER 01099nam a2200253 i 4500 001 000000220324 003 CaOOAMICUS 005 20231107111518.0 008 130509s2008 it u000 u ita u 013 $a199221 040 $aSeMil$bita 100 1 $aScotti, Gianfranco,$d<1941- >.$0(OLS)http://semarc/name/77240 245 10$aIn dialetto si dice cosė :$bstoria di parole ed espressioni lecchesi /$cGianfranco Scotti. 260 $aLecco :$bLa Provincia di Lecco,$c2008. 300 $a121 p. :$bill. ;$c21 cm. 500 $aSuppl. alla Provincia di Lecco. - Fondo card. C. M. Martini. 650 4$aLecco - Folclore.$0(OLS)http://semarc/subject/5662 650 4$aDialetti italiani - Lombardia - Lecco.$0(OLS)http://semarc/subject/54686 850 $aSeMil 852 $aSeMil$W1$xVenegono$y1$m1O III 3$j170680$B170680$CSeMilBibl$Z2$F187165 $81 941 1 $a4 996 $6245$aIn dialetto si dice cosė :$bstoria di parole ed espressioni lecchesi$9(OLS)http://semarc/title/316008 996 $6260$aLecco :$bLa Provincia di Lecco$9(OLS)http://semarc/publisher/53169